Special functions and the theory of group representations / (Record no. 29740)

000 -LEADER
fixed length control field 00729 a2200205 4500
020 ## - INTERNATIONAL STANDARD BOOK NUMBER
International Standard Book Number 0821815725
020 ## - INTERNATIONAL STANDARD BOOK NUMBER
International Standard Book Number 9780821815724
082 ## - DEWEY DECIMAL CLASSIFICATION NUMBER
Classification number 517.35
090 ## - LOCALLY ASSIGNED LC-TYPE CALL NUMBER (OCLC); LOCAL CALL NUMBER (RLIN)
-- 1125
-- 1125
100 1# - MAIN ENTRY--PERSONAL NAME
Personal name Vilenkin, N. Ja.
245 10 - TITLE STATEMENT
Title Special functions and the theory of group representations /
Statement of responsibility, etc. N. Ja. Vilenkin.
250 ## - EDITION STATEMENT
Edition statement Revised.
260 ## - PUBLICATION, DISTRIBUTION, ETC.
Place of publication, distribution, etc. [S.l.] :
Name of publisher, distributor, etc. American Mathematical Society,
Date of publication, distribution, etc. 1968.
300 ## - PHYSICAL DESCRIPTION
Extent 613 p. ;
Dimensions 25 cm.
490 1# - SERIES STATEMENT
Series statement Translations of mathematical monographs.
700 ## - ADDED ENTRY--PERSONAL NAME
Personal name Vilenkin, N. Ja.
830 #0 - SERIES ADDED ENTRY--UNIFORM TITLE
Uniform title Translations of mathematical monographs.
942 ## - ADDED ENTRY ELEMENTS (KOHA)
Institution code [OBSOLETE] SNS
Koha item type Book
Call number prefix 517.35 VIL
Holdings
Withdrawn status Lost status Damaged status Not for loan Permanent Location Current Location Date acquired Total Checkouts Full call number Barcode Date last seen Price effective from Koha item type
        School of Natural Sciences (SNS) School of Natural Sciences (SNS) 05/26/2016   517.35 VIL SNS0001631 05/26/2016 05/26/2016 Book
© 2023 Central Library, National University of Sciences and Technology. All Rights Reserved.